An Indroducation Internet of Things (Record no. 13698)
[ view plain ]
| 000 -LEADER | |
|---|---|
| fixed length control field | 00339nam a2200145Ia 4500 |
| 005 - DATE AND TIME OF LATEST TRANSACTION | |
| control field | 20250508165024.0 |
| 008 - FIXED-LENGTH DATA ELEMENTS--GENERAL INFORMATION | |
| fixed length control field | 250508s9999||||xx |||||||||||||| ||und|| |
| 041 ## - LANGUAGE CODE | |
| Language code of text/sound track or separate title | English |
| 082 ## - DEWEY DECIMAL CLASSIFICATION NUMBER | |
| Classification number | 4.678 |
| Item number | DUB |
| 100 ## - MAIN ENTRY--PERSONAL NAME | |
| Personal name | Dubey, Rahul |
| 245 #3 - TITLE STATEMENT | |
| Title | An Indroducation Internet of Things |
| 260 ## - PUBLICATION, DISTRIBUTION, ETC. | |
| Name of publisher, distributor, etc. | Cengage |
| Date of publication, distribution, etc. | 2019 |
| 300 ## - PHYSICAL DESCRIPTION | |
| Extent | 427p |
| 942 ## - ADDED ENTRY ELEMENTS (KOHA) | |
| Koha item type | Book |
| Withdrawn status | Lost status | Damaged status | Not for loan | Home library | Current library | Date acquired | Source of acquisition | Total checkouts | Full call number | Barcode | Koha item type | Date last seen | Date last checked out |
|---|---|---|---|---|---|---|---|---|---|---|---|---|---|
| IILM-LR | IILM-LR | 02/05/2024 | Purchased | 4.678 DUB | R0000714 | Book | |||||||
| IILM-LR | IILM-LR | 02/05/2024 | Purchased | 4.678 DUB | R0000715 | Book | |||||||
| IILM-LR | IILM-LR | 02/05/2024 | Purchased | 4.678 DUB | R0000716 | Book | |||||||
| IILM-LR | IILM-LR | 02/05/2024 | Purchased | 4.678 DUB | R0000717 | Book | |||||||
| IILM-LR | IILM-LR | 02/05/2024 | Purchased | 4.678 DUB | R0000718 | Book | |||||||
| IILM-LR | IILM-LR | 02/05/2024 | Purchased | 1 | 4.678 DUB | R0000719 | Book | 15/12/2025 | 30/08/2025 |
